Statistics for Luxembourg Immigration by Country

Click here to take the quiz!

General Stats

  • This quiz has been taken 246 times
    (105 since last reset)
  • The average score is 16 of 20

Answer Stats

# PeopleCountry of Origin% Correct
12,849Germany
100%
47,805France
98%
7,202Spain
98%
5,317United Kingdom
98%
2,334United States
96%
4,168Netherlands
96%
95,057Portugal
95%
19,823Belgium
95%
22,996Italy
94%
4,844Poland
92%
3,925China
88%
2,804India
87%
2,027Ireland
81%
3,673Greece
76%
5,724Romania
76%
2,449Brazil
69%
2,027Syria
66%
1,866Serbia
65%
2,572Cape Verde
25%
3,163Montenegro
22%

Score Distribution

Percentile by Number Answered

Percent of People with Each Score

Your Score History

You have not taken this quiz since the last reset